书目信息 |
| 题名: |
建筑工程预算电算化
|
|
| 作者: | 梁红宁 , 梁绍华 主编 | |
| 分册: | ||
| 出版信息: | 广州 华南理工大学出版社 2001.09 |
|
| 页数: | 312页 | |
| 开本: | 26cm | |
| 丛书名: | ||
| 单 册: | ||
| 中图分类: | TU723.3 | |
| 科图分类: | ||
| 主题词: | 建筑工程--施工组织 , 建筑工程--施工计划 | |
| 电子资源: | ||
| ISBN: | 7-5623-1741-0 | |
| 000 | 00697nam0 2200217 45 | |
| 001 | 8041685636 | |
| 005 | 1980010411344482 | |
| 010 | @a7-5623-1741-0@dRMB 33.50 | |
| 100 | @a19800104d2001 km y0chiy0120 ea | |
| 101 | 0 | @achi |
| 102 | @aCN@b440000 | |
| 200 | 1 | @a建筑工程预算电算化@AJian Zhu Gong Cheng Yu Suan Dian Suan Hua@f梁红宁,梁绍华主编@Fliang hong ning,liang shao hua zhu bian |
| 210 | @a广州@c华南理工大学出版社@d2001.09 | |
| 215 | @a312页@d26cm | |
| 606 | 0 | @a建筑工程@x施工组织 |
| 606 | 0 | @a建筑工程@x施工计划 |
| 690 | @aTU723.3@v3 | |
| 701 | 0 | @a梁红宁@Aliang hong ning@4主编 |
| 701 | 0 | @a梁绍华@Aliang shao hua@4主编 |
| 801 | 0 | @aCN@bPFT@c19800104 |
| 905 | @a安徽大学@dTU723.3@eL403 | |
| 建筑工程预算电算化/梁红宁,梁绍华主编.-广州:华南理工大学出版社,2001.09 |
| 312页;26cm |
| ISBN 7-5623-1741-0:RMB 33.50 |
| ● |
| 相关链接 |
|
|
|
正题名:建筑工程预算电算化
索取号:TU723.3/L403
 
预约/预借
| 序号 | 登录号 | 条形码 | 馆藏地/架位号 | 状态 | 备注 |
| 1 | 364178 | 203641782 | 建筑库201/ [索取号:TU723.3/L403] | 在馆 | |
| 2 | 364179 | 203641791 | 建筑库201/201建筑库 35排4列2层/ [索取号:TU723.3/L403] | 在馆 | |
| 3 | 364180 | 203641808 | 管理学院资料室/ [索取号:TU723.3/L403] | 在馆 |